| 000 | 00669cab a2200217 4500 | ||
|---|---|---|---|
| 001 | ABS52189 | ||
| 008 | 090401t1995 xxu||||| |||| 00| 0 eng d | ||
| 035 | _a(Sirsi) u65108 | ||
| 041 | _aeng | ||
| 100 | _aFrancis, A. | ||
| 245 | _aNew deal on covenants | ||
| 260 | _c1995 | ||
| 350 | _a0 | ||
| 490 |
_aGuardian Gazette _v92(02) 11 January 1995, 22-23(2) |
||
| 520 | _aReviews the Law of Property (Miscellaneous Provisions) Act 1994 which reforms the law on covenants for title. | ||
| 650 | _aCOVENANTS FOR TITLE | ||
| 650 | _aLAW OF PROPERTY (MISCELLANEOUS PROVISIONS) ACT 1994 | ||
| 690 | _aPROPERTY LAW AND PRACTICE | ||
| 942 | _n0 | ||
| 948 | _c04/03/1997 | ||
| 999 |
_c40585 _d40585 |
||